<?xml version="1.0" encoding="UTF-8"?><?xml-stylesheet type="text/xsl" href="static/style.xsl"?><OAI-PMH xmlns="http://www.openarchives.org/OAI/2.0/" xmlns:xsi="http://www.w3.org/2001/XMLSchema-instance" xsi:schemaLocation="http://www.openarchives.org/OAI/2.0/ http://www.openarchives.org/OAI/2.0/OAI-PMH.xsd"><responseDate>2026-04-14T02:07:56Z</responseDate><request verb="GetRecord" identifier="oai:www.recercat.cat:2445/131650" metadataPrefix="marc">https://recercat.cat/oai/request</request><GetRecord><record><header><identifier>oai:recercat.cat:2445/131650</identifier><datestamp>2025-12-05T16:56:48Z</datestamp><setSpec>com_2072_1057</setSpec><setSpec>col_2072_478823</setSpec><setSpec>col_2072_478917</setSpec></header><metadata><record xmlns="http://www.loc.gov/MARC21/slim" xmlns:dcterms="http://purl.org/dc/terms/" xmlns:xsi="http://www.w3.org/2001/XMLSchema-instance" xmlns:doc="http://www.lyncode.com/xoai" xsi:schemaLocation="http://www.loc.gov/MARC21/slim http://www.loc.gov/standards/marcxml/schema/MARC21slim.xsd">
   <leader>00925njm 22002777a 4500</leader>
   <datafield ind2=" " ind1=" " tag="042">
      <subfield code="a">dc</subfield>
   </datafield>
   <datafield ind2=" " ind1=" " tag="720">
      <subfield code="a">Garra Ticó, Jordi</subfield>
      <subfield code="e">author</subfield>
   </datafield>
   <datafield ind2=" " ind1=" " tag="720">
      <subfield code="a">Graugés Pous, Eugeni</subfield>
      <subfield code="e">author</subfield>
   </datafield>
   <datafield ind2=" " ind1=" " tag="720">
      <subfield code="a">BABAR Collaboration</subfield>
      <subfield code="e">author</subfield>
   </datafield>
   <datafield ind2=" " ind1=" " tag="260">
      <subfield code="c">2019-04-05T11:39:35Z</subfield>
   </datafield>
   <datafield ind2=" " ind1=" " tag="260">
      <subfield code="c">2019-04-05T11:39:35Z</subfield>
   </datafield>
   <datafield ind2=" " ind1=" " tag="260">
      <subfield code="c">2009-02-09</subfield>
   </datafield>
   <datafield ind2=" " ind1=" " tag="260">
      <subfield code="c">2019-04-05T11:39:35Z</subfield>
   </datafield>
   <datafield ind2=" " ind1=" " tag="520">
      <subfield code="a">We present new measurements of time-dependent C P asymmetries for B 0 → D ( * ) + D ( * ) − decays using ( 467 ± 5 ) × 10 6 B ¯¯¯ B pairs collected with the BABAR detector located at the PEP-II B Factory at the Stanford Linear Accelerator Center. We determine the C P -odd fraction of the B 0 → D * + D * − decays to be R ⊥ = 0.158 ± 0.028 ± 0.006 and find C P asymmetry parameters S + = − 0.76 ± 0.16 ± 0.04 and C + = + 0.00 ± 0.12 ± 0.02 for the C P -even component of this decay and S ⊥ = − 1.80 ± 0.70 ± 0.16 and C ⊥ = + 0.41 ± 0.49 ± 0.08 for the C P -odd component. We measure S = − 0.63 ± 0.36 ± 0.05 and C = − 0.07 ± 0.23 ± 0.03 for B 0 → D + D − , S = − 0.62 ± 0.21 ± 0.03 and C = + 0.08 ± 0.17 ± 0.04 for B 0 → D * + D − , and S = − 0.73 ± 0.23 ± 0.05 and C = + 0.00 ± 0.17 ± 0.03 for B 0 → D + D * − . For the B 0 → D * ± D ∓ decays, we also determine the C P -violating asymmetry A = + 0.008 ± 0.048 ± 0.013 . In each case, the first uncertainty is statistical and the second is systematic. The measured values for the asymmetries are all consistent with the standard model.</subfield>
   </datafield>
   <datafield tag="653" ind2=" " ind1=" ">
      <subfield code="a">Física de partícules</subfield>
   </datafield>
   <datafield tag="653" ind2=" " ind1=" ">
      <subfield code="a">Experiments</subfield>
   </datafield>
   <datafield tag="653" ind2=" " ind1=" ">
      <subfield code="a">Particle physics</subfield>
   </datafield>
   <datafield tag="653" ind2=" " ind1=" ">
      <subfield code="a">Experiments</subfield>
   </datafield>
   <datafield ind2="0" ind1="0" tag="245">
      <subfield code="a">Measurements of time-dependent CP asymmetries in B0→D(*)+D(*)− decays</subfield>
   </datafield>
</record></metadata></record></GetRecord></OAI-PMH>